000 00672nam a2200181 a 4500
005 20210219161854.0
008 080922s1983 mx r 000 0 spa d
035 _aUPN01000193412
049 _aUNE
080 _aOC 371.14 (083.85) GUI Parte C
245 0 0 _aGuía para talleres de formación de formadores de personal docente
_bparte C anexos
260 _aParís :
_bUNESCO;
_c1983.
300 _apág. irregular ;
_bil.
690 _aGuias- Administradores de la enseñanza- Enseñanza Primaria
690 _aAdministradores de la enseñanza- Guias
710 2 _aUNESCO. División de la Enseñanza Superior y de la Formaciónde Personal Docente.
905 _aUNESCO
999 _c165513
_d165513